000 00923nam a2200301 i 4500
001 000009165
003 DO-SdBNP
005 20251204121457.0
007 ta
008 090928s1927 dr r 000 p spa d
040 _aDO-SdBNP
_bspa
_cBNPHU
_erda
041 _aspa
082 4 _aRD861.42
_bC355c 1927
_222
100 _aPellerano Castro, Arturo
_923822
_d1865-1905
_eByron
_4aut.
245 1 0 _aCriollas ;
_bDe casa /
_cPellerano Castro.
250 _aSegunda edición
264 1 _aSanto Domingo, R. D. :
_bImprenta "La Provincia",
_c1927.
300 _a60 páginas ;
_c21 cm.
336 _atexto
_btxt
_2rdacontent
337 _asin mediación
_bn
_2rdamedia
338 _avolumen
_bnc
_2rdacarrier
590 _aInventariado, 2023/ YL
650 0 _aPoesía dominicana
_966
650 0 _aLiteratura dominicana.
_967
740 0 2 _aDe casa
910 _aYLockward/ Validado. Control de calidad. MFF
942 _2ddc
_cLBS1
999 _c8929
_d8929